عزت کے لیے : کولیات منٹو- افسانے ، جلد 10 (Record no. 171987)

MARC details
000 -LEADER
fixed length control field 00695nam a22001937a 4500
005 - DATE AND TIME OF LATEST TRANSACTION
control field 20200124121312.0
010 ## - LCCN (DPL NO)
LC control number B-123162
020 ## - INTERNATIONAL STANDARD BOOK NUMBER
Terms of availability 70.00
International Standard Book Number 8182230799
035 ## - SYSTEM CONTROL NUMBER
System control number B-123162
037 ## - SOURCE OF ACQUISITION
Source of stock number/acquisition BPPD/Pub.
082 ## - DEWEY DECIMAL CLASSIFICATION NUMBER
Classification number ک
100 ## - MAIN ENTRY--PERSONAL NAME
Personal name سعادت حسن منٹو
245 ## - TITLE STATEMENT
Title عزت کے لیے : کولیات منٹو- افسانے ، جلد 10
Statement of responsibility, etc سعادت حسن منٹو /
246 ## - VARYING FORM OF TITLE
Title proper/short title Izzat ke Liye: Kulliyat-e-Minto-Afsane vol. 10 /
Remainder of title Saadat Hasan Manto ; edited by Humayun Ashraf
260 ## - PUBLICATION, DISTRIBUTION, ETC. (IMPRINT)
Place of publication, distribution, etc Delhi
Name of publisher, distributor, etc Educational Publishing House
Date of publication, distribution, etc 2005 ء
270 ## - ADDRESS
Address 3108, Vakil Street, Kucha Pandit, Lal Kaun
City Delhi
Postal code 110006
300 ## - PHYSICAL DESCRIPTION
Extent 107p.
Dimensions 22cm(Hb)
942 ## - ADDED ENTRY ELEMENTS (KOHA)
Source of classification or shelving scheme Dewey Decimal Classification
Item type Urdu Bks
Classification part ک
Call number suffix م ن ٹ
Holdings
Withdrawn status Lost status Not for loan Collection code Home library Current library Date acquired Source of acquisition Cost, normal purchase price Full call number Barcode Copy number Cost, replacement price Koha item type
      Fiction Central Library Central Library 24/01/2020 BPPD/Ven. 70.00 ک م ن ٹ B-123162 1 70.00 Urdu Bks

© Delhi Public Library
Hit Counter
free hit counter